Application of mutation breeding methods in the improvement of vegetatively propagated crops. (Record no. 31702)

MARC details
000 -LEADER
fixed length control field 00483nam a2200157Ia 4500
082 ## - DEWEY DECIMAL CLASSIFICATION NUMBER
Classification number 575:631.528.6
Item number BRO
100 ## - MAIN ENTRY--AUTHOR NAME
Personal name BROERTJES, C
245 #0 - TITLE STATEMENT
Title Application of mutation breeding methods in the improvement of vegetatively propagated crops.
260 ## - PUBLICATION, DISTRIBUTION, ETC. (IMPRINT)
Place of publication Amsterdam
Name of publisher Elsevier
Year of publication 1978
650 ## - SUBJECT ADDED ENTRY--TOPICAL TERM
Topical Term Mutation breeding
650 ## - SUBJECT ADDED ENTRY--TOPICAL TERM
Topical Term Plant cell culture
650 ## - SUBJECT ADDED ENTRY--TOPICAL TERM
Topical Term Vegetative propagation
700 ## - ADDED ENTRY--PERSONAL NAME
Personal name VANHARTEN, A M
942 ## - ADDED ENTRY ELEMENTS (KOHA)
Koha item type Books
Holdings
Withdrawn status Lost status Damaged status Not for loan Home library Current library Date acquired Full call number Accession Number Koha item type
        RRII Library RRII Library 16/12/2021 575:631.528.6 BRO 12243 Books